00679nam a2200205Ia 4500003000400000005001700004008004100021020001800062040001800080041000800098082001900106100001900125245014500144250001200289260004400301300003100345650003400376650003500410650002800445OSt20251215143923.0210716s2017 xx 000 0 und d a9781788290142 cAIMIT LIBRARY aeng a005.763 bPOWB aPowell, Brett. aMicrosoft power BI cooKbook :bcreating business intelligence solutions of analytical data models reports and dashboards /cBy Brett Powell. a1st ed. aMumbai :bPackt Publishing Ltd ,c2017. axxiv,763 p.;bPBc24.5 cm. aAccessing and retrieving data aBuilding a power BI data model aAuthoring power reports